000 00363nam a2200145Ia 4500
008 150201s2004 xx 000 0 und d
082 _a610.7
_bP2004Z
100 _aZNMER,ANN J.
245 _aPROFESSIONAL ADJUSTMENTS AND ETHICS FOR NURSES
250 _a6TH
260 _bB.I.PUBLICATION
_aDELHI
_c2004
300 _a1-300
650 _aNURSING
942 _2ddc
_cBK
999 _c4045
_d4045